[Event "44th Pan-American U20"]
[Site "Cochabamba BOL"]
[Date "2019.08.02"]
[Round "3.14"]
[White "Torrico, Alexis"]
[Black "Vera, Pavel"]
[Result "1/2-1/2"]
[WhiteElo "1847"]
[BlackElo "2173"]
[EventDate "2019.08.01"]
[PlyCount "43"]

1.d4 Nf6 2.c4 e6 3.Nf3 d5 4.Nc3 Bb4 5.Bg5 Nbd7 6.e3 O-O 7.cxd5 exd5 8.Bd3 
c5 9.O-O Qa5 10.Qc2 c4 11.Bf5 g6 12.Bh3 Re8 13.Ne2 Ne4 14.Bf4 b5 15.Bxd7 
Bxd7 16.Ne5 Qd8 17.a4 Nd2 18.Nxd7 Qxd7 19.Rfd1 Nb3 20.Ra2 bxa4 21.Nc3 Bxc3
22.Qxc3 1/2-1/2

[Event "44th Pan-American U20"]
[Site "Cochabamba BOL"]
[Date "2019.08.02"]
[Round "3.15"]
[White "Flores Quillas, Diego Saul Rodri"]
[Black "Santiago Vilca, Lito Gustavo"]
[Result "1-0"]
[WhiteElo "2163"]
[BlackElo "1818"]
[EventDate "2019.08.01"]
[PlyCount "47"]

1.e4 c5 2.Nf3 e6 3.d4 cxd4 4.Nxd4 a6 5.Bd3 Nf6 6.O-O d6 7.c4 g6 8.Qe2 Bg7 
9.Nf3 Nc6 10.h3 O-O 11.Nc3 Qc7 12.Be3 Nd7 13.Rac1 Nce5 14.Nxe5 Nxe5 15.
Rfd1 Re8 16.b3 Bd7 17.Bb1 Bc6 18.Qd2 Bf8 19.Nd5 Bxd5 20.exd5 Qd8 21.dxe6 
fxe6 22.f4 Nc6 23.Bd3 Qf6 24.c5 1-0

[Event "44th Pan-American U20"]
[Site "Cochabamba BOL"]
[Date "2019.08.02"]
[Round "3.16"]
[White "Titichoca Daza, Daniel"]
[Black "Cari, Nicolas"]
[Result "1-0"]
[WhiteElo "2143"]
[BlackElo "1788"]
[EventDate "2019.08.01"]
[PlyCount "47"]

1.c4 Nf6 2.Nc3 g6 3.e4 d6 4.d4 Nbd7 5.Be3 Bg7 6.h3 O-O 7.Nf3 e5 8.d5 Kh8 
9.g4 Ng8 10.Be2 Ne7 11.g5 f5 12.gxf6 Nxf6 13.Nd2 Bd7 14.h4 Qc8 15.h5 gxh5 
16.Bxh5 Bg4 17.Bxg4 Nxg4 18.Qe2 Ng6 19.O-O-O Nf4 20.Bxf4 exf4 21.Rdg1 Bxc3
22.bxc3 Nf6 23.e5 dxe5 24.Qxe5 1-0

[Event "44th Pan-American U20"]
[Site "Cochabamba BOL"]
[Date "2019.08.02"]
[Round "3.17"]
[White "Ticona Rocabado, Licael Roderick"]
[Black "Benitez Galeano, Alejandro"]
[Result "0-1"]
[WhiteElo "1693"]
[BlackElo "2111"]
[EventDate "2019.08.01"]
[PlyCount "64"]

1.d4 Nf6 2.Nf3 g6 3.e3 Bg7 4.Be2 O-O 5.O-O d6 6.c4 Nbd7 7.Nc3 e5 8.d5 a5 
9.e4 Nc5 10.Qc2 Nh5 11.Be3 f5 12.Nd2 f4 13.Bxc5 dxc5 14.Bxh5 gxh5 15.f3 
Kh8 16.Nb3 Qe7 17.Rad1 Rf6 18.Rd2 Bf8 19.Rfd1 Qg7 20.Nb5 Bd6 21.Nxd6 cxd6 
22.Kh1 Bd7 23.Qd3 Rg6 24.Qe2 b6 25.Qf2 Rb8 26.Rg1 h4 27.Nc1 Qh6 28.Ne2 h3 
29.g3 fxg3 30.Nxg3 Qf4 31.Rd3 Rbg8 32.Ne2 Qxe4 0-1

[Event "44th Pan-American U20"]
[Site "Cochabamba BOL"]
[Date "2019.08.02"]
[Round "3.18"]
[White "Barja Viveros, Matias Ariel"]
[Black "Mollo, Jhoan"]
[Result "0-1"]
[WhiteElo "1544"]
[BlackElo "2023"]
[EventDate "2019.08.01"]
[PlyCount "115"]

1.e4 c5 2.Nc3 g6 3.f4 Nc6 4.Bc4 Bg7 5.Nf3 e6 6.O-O Nge7 7.d3 O-O 8.Qe1 d5 
9.Bb3 a6 10.a4 Nd4 11.Nxd4 cxd4 12.Ne2 dxe4 13.dxe4 d3 14.Nc3 Nc6 15.Be3 
Nd4 16.Rd1 dxc2 17.Bxc2 Nxc2 18.Rxd8 Nxe1 19.Rxf8+ Bxf8 20.Rxe1 Bd7 21.Rd1
Bc6 22.a5 Bb4 23.Bb6 f5 24.e5 Kf7 25.Kf2 Be7 26.Ne2 Rg8 27.Nd4 Bd5 28.Nf3 
Rc8 29.g3 Rc2+ 30.Rd2 Rc1 31.Nd4 Ke8 32.Rc2 Rxc2+ 33.Nxc2 g5 34.Ke3 Kf7 
35.Nd4 Kg6 36.Nf3 gxf4+ 37.Kxf4 Bf8 38.Ng5 Bb4 39.Nf3 Kh5 40.h3 Bf8 41.g4+
fxg4 42.hxg4+ Kg6 43.Nh4+ Kf7 44.g5 Bb4 45.Kg4 Be1 46.Nf3 Bxf3+ 47.Kxf3 
Bd2 48.Kg4 Bc1 49.b4 Kg6 50.Bd8 Bb2 51.Kf4 Bc1+ 52.Kg4 Bd2 53.Be7 Be3 54.
Bd8 Bd4 55.Kf4 Bc3 56.Be7 Kh5 57.Ke4 Bd2 58.Kd4 0-1

[Event "44th Pan-American U20"]
[Site "Cochabamba BOL"]
[Date "2019.08.02"]
[Round "3.19"]
[White "Zambrana Estrada, Breyner Andre"]
[Black "Huanca, Edson"]
[Result "0-1"]
[WhiteElo "1426"]
[BlackElo "1948"]
[EventDate "2019.08.01"]
[PlyCount "82"]

1.d4 Nf6 2.c4 e6 3.Nf3 d5 4.a3 Be7 5.Nc3 O-O 6.e3 c5 7.dxc5 Bxc5 8.b4 Be7 
9.Bb2 dxc4 10.Bxc4 Nbd7 11.O-O Nb6 12.Bb3 Bd7 13.Rc1 Rc8 14.Qe2 Rc7 15.Ne5
Qb8 16.Nxd7 Nbxd7 17.Nb5 Rxc1 18.Rxc1 a6 19.Nd4 Bd6 20.h3 Rc8 21.Rc2 Rxc2 
22.Qxc2 Qc7 23.Qxc7 Bxc7 24.Kf1 g6 25.Ke2 Bd6 26.f3 Kf8 27.Nc2 Ke7 28.a4 
Nd5 29.Bxd5 exd5 30.b5 Nc5 31.bxa6 bxa6 32.a5 Nb3 33.Bc3 Kd7 34.Kd3 Kc6 
35.Nd4+ Nxd4 36.Kxd4 Bc5+ 37.Kd3 Kb5 38.e4 dxe4+ 39.fxe4 Bb4 40.Bxb4 Kxb4 
41.Kd4 Kxa5 0-1

[Event "44th Pan-American U20"]
[Site "Cochabamba BOL"]
[Date "2019.08.02"]
[Round "3.20"]
[White "Araujo Miranda, Styven Sandro"]
[Black "Ccerhuayo Escobedo, Mels Leopold"]
[Result "0-1"]
[WhiteElo "1347"]
[BlackElo "1820"]
[EventDate "2019.08.01"]
[PlyCount "78"]

1.d4 Nf6 2.Nf3 e6 3.g3 d5 4.a3 a5 5.Bg2 c5 6.c3 Nc6 7.O-O Bd6 8.Bg5 h6 9.
Bxf6 Qxf6 10.e3 O-O 11.Nbd2 Rd8 12.dxc5 Bxc5 13.b4 Bf8 14.Qc2 e5 15.b5 Na7
16.a4 Be6 17.Qb2 Nc8 18.Rac1 Nb6 19.Rfd1 e4 20.Nd4 Nxa4 21.Qa2 Nc5 22.Bf1 
Bg4 23.Re1 Ne6 24.h3 Nxd4 25.cxd4 Be6 26.Nb3 Bb4 27.Re2 b6 28.Rec2 Rdc8 
29.Rxc8+ Rxc8 30.Rxc8+ Bxc8 31.Qc2 Qd8 32.Nc1 Bb7 33.Na2 Qc8 34.Nxb4 axb4 
35.Qxc8+ Bxc8 36.Be2 Bd7 37.h4 b3 38.Bd1 Bxb5 39.f4 Bd3 0-1

[Event "44th Pan-American U20"]
[Site "Cochabamba BOL"]
[Date "2019.08.02"]
[Round "3.21"]
[White "Inaicheo Santana, Edward"]
[Black "Moreno, Alejandro"]
[Result "1-0"]
[WhiteElo "1635"]
[BlackElo "1477"]
[EventDate "2019.08.01"]
[PlyCount "53"]

1.d4 d5 2.Nf3 e6 3.Bf4 Nf6 4.e3 Be7 5.h3 a6 6.Bd3 Nc6 7.a3 h6 8.Nbd2 O-O 
9.c4 Bd6 10.Ne5 Rb8 11.Rc1 Bxe5 12.dxe5 Nd7 13.Nf3 dxc4 14.Bxc4 b5 15.Bxe6
fxe6 16.Rxc6 Bb7 17.Rxe6 Nc5 18.Qxd8 Rbxd8 19.Re7 Nd3+ 20.Ke2 Bxf3+ 21.
gxf3 Nxf4+ 22.exf4 Rxf4 23.Rc1 Rc8 24.Rcxc7 Rxc7 25.Rxc7 Rf5 26.Rc5 Rh5 
27.f4 1-0

[Event "44th Pan-American U20"]
[Site "Cochabamba BOL"]
[Date "2019.08.02"]
[Round "3.22"]
[White "Villazon Zeballos, Manuel"]
[Black "Araujo, Amilcar"]
[Result "0-1"]
[WhiteElo "1378"]
[BlackElo "1530"]
[EventDate "2019.08.01"]
[PlyCount "25"]

1.d4 Nf6 2.Nf3 g6 3.Bf4 Bg7 4.h3 d6 5.e3 Nbd7 6.Bd3 b6 7.O-O Bb7 8.Nbd2 
O-O 9.c4 Rc8 10.Bh2 e5 11.Qc2 e4 12.Be2 exf3 13.Nxf3 0-1

[Event "44th Pan-American U20"]
[Site "Cochabamba BOL"]
[Date "2019.08.02"]
[Round "3.23"]
[White "Bracamonte, Humberto"]
[Black "Zubieta Echalar, Eduardo"]
[Result "0-1"]
[WhiteElo "1516"]
[BlackElo "1329"]
[EventDate "2019.08.01"]
[PlyCount "46"]

1.e4 d5 2.exd5 Nf6 3.d4 Bg4 4.Nf3 Nxd5 5.Be2 e6 6.O-O Be7 7.c4 Nf6 8.h3 
Bf5 9.Nc3 O-O 10.Qb3 b6 11.Ne5 Qxd4 12.Bf3 Be4 13.Nxe4 Nxe4 14.Nxf7 Rxf7 
15.Be3 Qe5 16.Qc2 Bd6 17.Rfe1 Qh2+ 18.Kf1 Ng3+ 19.fxg3 Rxf3+ 20.Bf2 Qh1+ 
21.Ke2 Qxg2 22.Rf1 Bxg3 23.Ke1 Bxf2+ 0-1

[Event "44th Pan-American U20"]
[Site "Cochabamba BOL"]
[Date "2019.08.02"]
[Round "3.24"]
[White "Janco Fernandez, Marcelo Ruben"]
[Black "Tapia Espada, Antonio Enrique"]
[Result "0-1"]
[WhiteElo "1095"]
[BlackElo "1506"]
[EventDate "2019.08.01"]
[PlyCount "47"]

1.e4 Nf6 2.Nc3 d5 3.e5 Nfd7 4.d4 e6 5.Nf3 c5 6.dxc5 Bxc5 7.Be3 Bxe3 8.fxe3
Nc6 9.Bb5 O-O 10.O-O Ndxe5 11.Bxc6 Nxf3+ 12.Qxf3 bxc6 13.Rad1 Ba6 14.Rfe1 
Rb8 15.b3 e5 16.e4 d4 17.Na4 Qe7 18.Ra1 c5 19.Nb2 Rfc8 20.Nd3 c4 21.Nc1 
cxb3 22.axb3 Bb5 23.Ra5 Rxc2 24.Nd3 0-1

[Event "44th Pan-American U20"]
[Site "Cochabamba BOL"]
[Date "2019.08.02"]
[Round "3.25"]
[White "Teran Medina, Marcelo"]
[Black "Montevilla C., Elias Alejandro"]
[Result "1/2-1/2"]
[WhiteElo "1506"]
[BlackElo "1326"]
[EventDate "2019.08.01"]
[PlyCount "34"]

1.e4 d6 2.Nc3 Nf6 3.Bc4 g6 4.Nf3 Bg7 5.h3 O-O 6.O-O c6 7.Bb3 b5 8.e5 dxe5 
9.Nxe5 e6 10.d4 a5 11.a3 Bb7 12.Bg5 Nbd7 13.Ne4 h6 14.Bxf6 Nxf6 15.Nc5 Qc7
16.Nxe6 fxe6 17.Bxe6+ Kh7 1/2-1/2

[Event "44th Pan-American U20"]
[Site "Cochabamba BOL"]
[Date "2019.08.03"]
[Round "4.1"]
[White "Wang, Annie"]
[Black "Zhang, Derek"]
[Result "1-0"]
[WhiteElo "2321"]
[BlackElo "2147"]
[EventDate "2019.08.01"]
[PlyCount "46"]

1.d4 d6 2.Nf3 f5 3.g3 Nf6 4.Bg2 g6 5.c4 Bg7 6.O-O O-O 7.Nc3 c6 8.Bd2 Na6 
9.Qc1 Re8 10.d5 e5 11.dxe6 Bxe6 12.Nd1 Nc5 13.Ng5 Bc8 14.Nc3 a5 15.Rd1 Ng4
16.Bf4 Ne5 17.Qc2 Qc7 18.Rac1 h6 19.Nf3 Be6 20.b3 g5 21.Be3 Rad8 22.Rd2 
Bc8 23.Bd4 Qb6 1-0

[Event "44th Pan-American U20"]
[Site "Cochabamba BOL"]
[Date "2019.08.03"]
[Round "4.2"]
[White "Asaria, Danial"]
[Black "Coro, Lucas"]
[Result "0-1"]
[WhiteElo "2305"]
[BlackElo "2320"]
[EventDate "2019.08.01"]
[PlyCount "46"]

1.d4 Nf6 2.c4 g6 3.f3 Bg7 4.e4 d6 5.Ne2 O-O 6.Bg5 c5 7.d5 e6 8.Nec3 h6 9.
Be3 exd5 10.cxd5 a6 11.a4 Nh7 12.Qd2 Nd7 13.Be2 Re8 14.O-O h5 15.Na3 Ne5 
16.h3 f5 17.f4 Nf7 18.e5 dxe5 19.Bxc5 Bd7 20.Nc4 Rc8 21.Bb6 Qf6 22.d6 Qe6 
23.Bc7 b5 0-1

[Event "44th Pan-American U20"]
[Site "Cochabamba BOL"]
[Date "2019.08.03"]
[Round "4.3"]
[White "Cardoso Cardoso, Jose Gabriel"]
[Black "Lu, Maximillian"]
[Result "1/2-1/2"]
[WhiteElo "2373"]
[BlackElo "2283"]
[EventDate "2019.08.01"]
[PlyCount "42"]

1.d4 Nf6 2.c4 g6 3.Nc3 d5 4.cxd5 Nxd5 5.e4 Nxc3 6.bxc3 Bg7 7.Qa4+ Qd7 8.
Bb5 c6 9.Bd3 O-O 10.Ne2 b6 11.O-O Bb7 12.Rd1 c5 13.Qxd7 Nxd7 14.Bg5 Bf6 
15.Bxf6 Nxf6 16.e5 Nd5 17.dxc5 bxc5 18.Be4 Rad8 19.c4 Nf4 20.Nxf4 Bxe4 21.
f3 Bf5 1/2-1/2

[Event "44th Pan-American U20"]
[Site "Cochabamba BOL"]
[Date "2019.08.03"]
[Round "4.4"]
[White "Munoz, Francisco Javier"]
[Black "Varacalli, Francisco"]
[Result "1/2-1/2"]
[WhiteElo "2282"]
[BlackElo "2306"]
[EventDate "2019.08.01"]
[PlyCount "44"]

1.e4 e5 2.Nf3 Nc6 3.Nc3 Nf6 4.Bb5 d6 5.Bxc6+ bxc6 6.d4 exd4 7.Nxd4 Bd7 8.
O-O Be7 9.Qf3 c5 10.Nf5 Bxf5 11.Qxf5 Qd7 12.Qxd7+ Nxd7 13.Nd5 Bd8 14.b3 
O-O 15.Bb2 Nb6 16.c4 Nxd5 17.cxd5 Be7 18.Rfc1 Rfb8 19.Rc4 a5 20.Bc3 Bf6 
21.Bxf6 gxf6 22.g3 Rb4 1/2-1/2

[Event "44th Pan-American U20"]
[Site "Cochabamba BOL"]
[Date "2019.08.03"]
[Round "4.5"]
[White "Johnson, Joshua"]
[Black "Tello Chavez, Isaac Valent"]
[Result "1/2-1/2"]
[WhiteElo "2241"]
[BlackElo "2271"]
[EventDate "2019.08.01"]
[PlyCount "55"]

1.e4 c6 2.d4 d5 3.e5 c5 4.dxc5 Nc6 5.Nf3 e6 6.a3 Bxc5 7.b4 Bb6 8.Bb2 Nge7 
9.h4 f6 10.exf6 gxf6 11.b5 Ne5 12.Nxe5 fxe5 13.Qh5+ Kd7 14.Nd2 Rf8 15.
O-O-O Bd4 16.Bxd4 exd4 17.Nb3 Qc7 18.Rxd4 Rxf2 19.Qxh7 Kd6 20.Rd2 Rxd2 21.
Nxd2 Qc3 22.Qd3 Qa1+ 23.Nb1 e5 24.Qc3 Qxc3 25.Nxc3 Bf5 26.Nd1 Rc8 27.Ne3 
Be6 28.Kd2 1/2-1/2

[Event "44th Pan-American U20"]
[Site "Cochabamba BOL"]
[Date "2019.08.03"]
[Round "4.6"]
[White "Acosta, Pablo Ismael"]
[Black "Flores Quillas, Diego Saul Rodri"]
[Result "1/2-1/2"]
[WhiteElo "2440"]
[BlackElo "2163"]
[EventDate "2019.08.01"]
[PlyCount "59"]

1.d4 Nf6 2.c4 c5 3.d5 e6 4.Nc3 exd5 5.cxd5 d6 6.Nf3 g6 7.Bf4 a6 8.a4 Bg7 
9.h3 O-O 10.e3 Re8 11.Nd2 Nbd7 12.Be2 Ne5 13.O-O Nfd7 14.Bg3 f5 15.Re1 Nf7
16.Bf1 Nf6 17.Qc2 Qc7 18.a5 Bd7 19.Ra3 Nh5 20.Bh2 Be5 21.Nc4 Bxh2+ 22.Kxh2
Re7 23.Rb1 Ne5 24.Nb6 Rf8 25.b4 f4 26.e4 cxb4 27.Rxb4 g5 28.Rb2 g4 29.Ne2 
Qxc2 30.Rxc2 1/2-1/2

[Event "44th Pan-American U20"]
[Site "Cochabamba BOL"]
[Date "2019.08.03"]
[Round "4.7"]
[White "Huang, Andy"]
[Black "Titichoca Daza, Daniel"]
[Result "1-0"]
[WhiteElo "2263"]
[BlackElo "2143"]
[EventDate "2019.08.01"]
[PlyCount "36"]

1.e4 c5 2.Nf3 Nc6 3.Bb5 g6 4.Bxc6 dxc6 5.d3 Bg7 6.h3 Nf6 7.Nc3 Nd7 8.Be3 
e5 9.Qd2 h6 10.O-O-O Qe7 11.Nh2 Nf8 12.Kb1 Ne6 13.Rdf1 Nd4 14.f4 exf4 15.
Bxf4 Be6 16.Ng4 g5 17.Bh2 O-O-O 18.Qf2 b6 1-0

[Event "44th Pan-American U20"]
[Site "Cochabamba BOL"]
[Date "2019.08.03"]
[Round "4.8"]
[White "Castellanos Villela, Alejandro"]
[Black "Pinto, Daniel"]
[Result "1-0"]
[WhiteElo "1985"]
[BlackElo "2257"]
[EventDate "2019.08.01"]
[PlyCount "81"]

1.e4 e5 2.Nf3 Nc6 3.Bc4 Nf6 4.d3 Be7 5.O-O d6 6.a4 O-O 7.a5 a6 8.c3 Kh8 9.
Nbd2 Ng8 10.d4 exd4 11.Nxd4 Nxd4 12.cxd4 f5 13.e5 d5 14.Bd3 Be6 15.f4 c5 
16.Nf3 Nh6 17.Kh1 Rc8 18.Be3 cxd4 19.Nxd4 Bg8 20.Qb1 g6 21.b4 Rc7 22.Qb2 
Qc8 23.Rfc1 Ng4 24.Bg1 h5 25.Nf3 d4 26.Bxd4 Bd5 27.Bb6 Rc6 28.b5 axb5 29.
Bxb5 Bc5 30.Bxc6 Nf2+ 31.Qxf2 Bxf2 32.Bxd5 Qd7 33.Bxf2 Qxd5 34.Bd4 Kg8 35.
Rc5 Qe4 36.Re1 Qxf4 37.Rc7 Rf7 38.Rxf7 Kxf7 39.e6+ Ke8 40.Bf6 Qa4 41.Rc1 
1-0

[Event "44th Pan-American U20"]
[Site "Cochabamba BOL"]
[Date "2019.08.03"]
[Round "4.9"]
[White "Santiago Vilca, Christian Amilca"]
[Black "Caballero Quijano, Mitzy Mishell"]
[Result "1-0"]
[WhiteElo "2256"]
[BlackElo "2059"]
[EventDate "2019.08.01"]
[PlyCount "43"]

1.d4 e6 2.c4 Nf6 3.Nf3 Bb4+ 4.Nbd2 O-O 5.a3 Be7 6.e4 d5 7.e5 Nfd7 8.b4 a5 
9.b5 c5 10.Bb2 f6 11.cxd5 exd5 12.e6 Nb6 13.dxc5 Bxc5 14.Bd3 Qe7 15.O-O 
Bxe6 16.Nd4 Bxd4 17.Bxd4 Nc4 18.Re1 Qf7 19.Qc2 Kh8 20.Bxh7 Nxd2 21.Bg6 Qe7
22.Qxd2 1-0

[Event "44th Pan-American U20"]
[Site "Cochabamba BOL"]
[Date "2019.08.03"]
[Round "4.10"]
[White "Benitez Galeano, Alejandro"]
[Black "Bolanos, Fernando"]
[Result "0-1"]
[WhiteElo "2111"]
[BlackElo "2247"]
[EventDate "2019.08.01"]
[PlyCount "82"]

1.Nf3 b5 2.g3 Bb7 3.Bg2 e6 4.O-O Nf6 5.d3 Be7 6.Nbd2 O-O 7.Re1 d5 8.c4 
bxc4 9.dxc4 c5 10.Ne5 Nc6 11.Nxc6 Bxc6 12.Qc2 Qb6 13.Rb1 d4 14.e3 dxe3 15.
Rxe3 Bxg2 16.Kxg2 Ng4 17.Rb3 Qc6+ 18.Qe4 Ne5 19.Qxc6 Nxc6 20.Ne4 f5 21.Nc3
Na5 22.Rb5 Nxc4 23.b3 Nb6 24.Be3 Rac8 25.Rc1 Kf7 26.Ne2 Kf6 27.a4 Nd5 28.
Bxc5 Bxc5 29.Rcxc5 Rxc5 30.Rxc5 Rb8 31.Nc1 Ke5 32.Ra5 Rb7 33.Nd3+ Kd4 34.
Nc5 Re7 35.Kf3 e5 36.Ke2 g5 37.Kd2 e4 38.Rb5 f4 39.Nb7 e3+ 40.Ke1 Rc7 41.
fxe3+ fxe3 0-1

[Event "44th Pan-American U20"]
[Site "Cochabamba BOL"]
[Date "2019.08.03"]
[Round "4.11"]
[White "Mollo, Jhoan"]
[Black "Vivas Zamora, Fabian Ernesto"]
[Result "0-1"]
[WhiteElo "2023"]
[BlackElo "2348"]
[EventDate "2019.08.01"]
[PlyCount "54"]

1.e4 e5 2.Nf3 Nc6 3.Bb5 f5 4.d3 fxe4 5.dxe4 Nf6 6.Bg5 Bb4+ 7.c3 Bc5 8.O-O 
d6 9.Nbd2 O-O 10.b4 Bb6 11.Qb3+ Kh8 12.a4 a5 13.Bc4 Qe8 14.b5 Nd8 15.Bh4 
Qg6 16.Rae1 Bg4 17.Bxf6 Rxf6 18.Kh1 Qh5 19.Ng1 Bxf2 20.Rxf2 Rxf2 21.Ngf3 
Qg6 22.Bf1 Ne6 23.Kg1 Rxf3 24.gxf3 Bxf3+ 25.Kf2 Bh5 26.Re3 Rf8+ 27.Ke1 Qg1
0-1

[Event "44th Pan-American U20"]
[Site "Cochabamba BOL"]
[Date "2019.08.03"]
[Round "4.12"]
[White "Delgado Romero, Marco"]
[Black "Mendoza Criollo, Carlos David"]
[Result "1-0"]
[WhiteElo "2236"]
[BlackElo "2103"]
[EventDate "2019.08.01"]
[PlyCount "89"]

1.d4 Nf6 2.c4 g6 3.Nc3 Bg7 4.e4 d6 5.h3 O-O 6.Be3 c6 7.Nf3 Nbd7 8.Be2 a6 
9.a4 e5 10.O-O exd4 11.Bxd4 Re8 12.Nd2 Nc5 13.Bf3 a5 14.Be3 Nfd7 15.Qc2 
Ne5 16.Be2 f5 17.Rad1 Qe7 18.Rfe1 Nxe4 19.Ndxe4 fxe4 20.Qxe4 Be6 21.b3 
Nxc4 22.Bd4 Ne5 23.f4 Bf5 24.Bc4+ d5 25.Nxd5 cxd5 26.Qxd5+ Be6 27.Qxe6+ 
Qxe6 28.Bxe6+ Rxe6 29.Bxe5 Rae8 30.Rd5 b6 31.h4 h6 32.Kf2 g5 33.hxg5 hxg5 
34.g3 R8e7 35.Kf3 Kf7 36.Re4 Ke8 37.Rd6 Rxd6 38.Bxd6 Rxe4 39.Kxe4 gxf4 40.
Bxf4 Kd7 41.Kd5 Kc8 42.Be3 Kc7 43.g4 Kb7 44.g5 Ka6 45.Kc6 1-0

[Event "44th Pan-American U20"]
[Site "Cochabamba BOL"]
[Date "2019.08.03"]
[Round "4.13"]
[White "Aguilar, Luis Miguel"]
[Black "Torrico, Alexis"]
[Result "0-1"]
[WhiteElo "2204"]
[BlackElo "1847"]
[EventDate "2019.08.01"]
[PlyCount "45"]

1.g3 Nf6 2.Bg2 d5 3.c4 dxc4 4.Qa4+ Nfd7 5.Qxc4 g6 6.Nf3 Bg7 7.O-O Nb6 8.
Qc2 Nc6 9.Nc3 O-O 10.d3 Bg4 11.Be3 e5 12.Ng5 Nd4 13.Qd2 c6 14.Nge4 Nd5 15.
h3 Bc8 16.Bh6 f5 17.Nxd5 Bxh6 18.Qxh6 Nxe2+ 19.Kh2 fxe4 20.Qe3 Nd4 21.Nc3 
Nc2 22.Qxe4 Nxa1 23.Rxa1 0-1

[Event "44th Pan-American U20"]
[Site "Cochabamba BOL"]
[Date "2019.08.03"]
[Round "4.14"]
[White "Vera, Pavel"]
[Black "Huanca, Edson"]
[Result "1-0"]
[WhiteElo "2173"]
[BlackElo "1948"]
[EventDate "2019.08.01"]
[PlyCount "59"]

1.d4 Nf6 2.Nf3 e6 3.Bg5 d5 4.c4 c6 5.e3 Nbd7 6.Nc3 Qa5 7.Nd2 Bb4 8.Qc2 Ne4
9.Ndxe4 dxe4 10.Bh4 f5 11.Be2 e5 12.O-O exd4 13.exd4 O-O 14.f3 exf3 15.
Bxf3 Nb6 16.c5 Bxc3 17.bxc3 Nd5 18.Rae1 Nxc3 19.Qb3+ Kh8 20.Qf7 Rg8 21.Re8
Be6 22.Rxe6 Qxa2 23.Re7 Qd2 24.Bf6 Qh6 25.Be5 Raf8 26.Qb3 Qe3+ 27.Kh1 Qg5 
28.Rxg7 Rxg7 29.Qxc3 Rd8 30.d5 1-0

[Event "44th Pan-American U20"]
[Site "Cochabamba BOL"]
[Date "2019.08.03"]
[Round "4.15"]
[White "Ccerhuayo Escobedo, Mels Leopold"]
[Black "Donoso Diaz, Sebastian"]
[Result "0-1"]
[WhiteElo "1820"]
[BlackElo "2309"]
[EventDate "2019.08.01"]
[PlyCount "51"]

1.d4 d5 2.Nf3 Nf6 3.c4 dxc4 4.Nc3 a6 5.e3 b5 6.a4 b4 7.Nb1 e6 8.Bxc4 Be7 
9.O-O O-O 10.Qe2 c5 11.Re1 cxd4 12.exd4 Bb7 13.Nbd2 Nbd7 14.Nb3 Bd5 15.a5 
Bxc4 16.Qxc4 Qc8 17.Qd3 Qb7 18.Be3 Rfd8 19.Rac1 h6 20.Qe2 Nd5 21.Rc2 Rac8 
22.Rec1 Bd6 23.Nc5 Bxc5 24.dxc5 Nb8 25.Ne5 Nc6 26.Nc4 0-1

[Event "44th Pan-American U20"]
[Site "Cochabamba BOL"]
[Date "2019.08.03"]
[Round "4.16"]
[White "Araujo, Amilcar"]
[Black "Rengifo Blancas, Renzo Jhonathan"]
[Result "0-1"]
[WhiteElo "1530"]
[BlackElo "2194"]
[EventDate "2019.08.01"]
[PlyCount "43"]

1.d4 Nf6 2.c4 c6 3.Nc3 d5 4.cxd5 cxd5 5.Nf3 Nc6 6.Bf4 a6 7.a4 Qb6 8.Qd2 e6
9.e3 Ne4 10.Qc2 Nb4 11.Qc1 Bd7 12.Ne5 Rc8 13.Nxd7 Kxd7 14.f3 g5 15.Be5 f6 
16.Bg3 Nxg3 17.hxg3 e5 18.Qb1 exd4 19.a5 Qe6 20.Rxh7+ Rxh7 21.Qxh7+ Qe7 
22.Na4 0-1

[Event "44th Pan-American U20"]
[Site "Cochabamba BOL"]
[Date "2019.08.03"]
[Round "4.17"]
[White "Medrano, Sebastian"]
[Black "Ticona Rocabado, Licael Roderick"]
[Result "1/2-1/2"]
[WhiteElo "2086"]
[BlackElo "1693"]
[EventDate "2019.08.01"]
[PlyCount "43"]

1.d4 Nf6 2.c4 g6 3.Nc3 Bg7 4.e4 d6 5.Be2 O-O 6.Bg5 Nbd7 7.Qd2 e5 8.d5 a5 
9.f3 Nc5 10.g4 h6 11.Be3 b6 12.h4 h5 13.g5 Nfd7 14.Nh3 Re8 15.Nf2 Ba6 16.
b3 Qe7 17.O-O Rac8 18.Qb2 Rf8 19.a3 Bb7 20.b4 axb4 21.axb4 Na6 22.c5 
1/2-1/2

[Event "44th Pan-American U20"]
[Site "Cochabamba BOL"]
[Date "2019.08.03"]
[Round "4.18"]
[White "Davila Blanco, Juan Jose"]
[Black "Inaicheo Santana, Edward"]
[Result "1-0"]
[WhiteElo "2052"]
[BlackElo "1635"]
[EventDate "2019.08.01"]
[PlyCount "77"]

1.d4 Nf6 2.Nf3 e6 3.e3 b6 4.Bd3 Bb7 5.O-O d5 6.Ne5 Be7 7.Nd2 c5 8.b3 O-O 
9.Bb2 Nbd7 10.f4 Ne4 11.Nxe4 dxe4 12.Bc4 a6 13.a4 Nf6 14.Qe1 Bd5 15.Be2 
Nd7 16.Rd1 cxd4 17.Bxd4 Nxe5 18.Bxe5 Qc8 19.c4 Bc6 20.Qg3 f6 21.Bd4 Bc5 
22.Qe1 Rd8 23.Bxc5 bxc5 24.Qa5 Be8 25.Rxd8 Qxd8 26.Qxc5 Qd2 27.Kf2 Rb8 28.
Rd1 Qb4 29.Qxb4 Rxb4 30.Rd8 Kf7 31.Bd1 Ke7 32.Ra8 Rb6 33.Ra7+ Bd7 34.c5 
Rc6 35.b4 Kd8 36.Be2 g6 37.Bxa6 Rc7 38.Rxc7 Kxc7 39.Bb5 1-0

[Event "44th Pan-American U20"]
[Site "Cochabamba BOL"]
[Date "2019.08.03"]
[Round "4.20"]
[White "Santiago Vilca, Lito Gustavo"]
[Black "Barja Viveros, Matias Ariel"]
[Result "1/2-1/2"]
[WhiteElo "1818"]
[BlackElo "1544"]
[EventDate "2019.08.01"]
[PlyCount "43"]

1.Nf3 f5 2.g3 Nf6 3.Bg2 g6 4.O-O Bg7 5.d4 O-O 6.c4 d6 7.Nc3 c6 8.b3 Na6 9.
Ba3 Nc7 10.Rc1 Bd7 11.d5 c5 12.Nd2 a6 13.b4 b6 14.h3 Qc8 15.Kh2 Rb8 16.e4 
b5 17.Re1 cxb4 18.Bxb4 bxc4 19.Ba5 Nb5 20.exf5 Bxf5 21.Rxe7 Re8 22.Nde4 
1/2-1/2

[Event "44th Pan-American U20"]
[Site "Cochabamba BOL"]
[Date "2019.08.03"]
[Round "4.21"]
[White "Cari, Nicolas"]
[Black "Montevilla Cahuasa, Jonathan I"]
[Result "0-1"]
[WhiteElo "1788"]
[BlackElo "1231"]
[EventDate "2019.08.01"]
[PlyCount "70"]

1.d4 d5 2.c4 c6 3.Nf3 e6 4.Nc3 Nf6 5.Bg5 Qa5 6.Bxf6 gxf6 7.a3 dxc4 8.e4 b5
9.Be2 Bb7 10.O-O a6 11.Qc2 Nd7 12.Rfb1 Qc7 13.a4 Bd6 14.b3 b4 15.Nd1 c3 
16.a5 c5 17.h3 cxd4 18.Nxd4 Nc5 19.f3 Nxe4 20.fxe4 Bc5 21.Nf2 Bxd4 22.Bf3 
Rg8 23.Rd1 Rd8 24.Rd3 Qg3 25.Kf1 Bc6 26.Ng4 Bb5 27.Rd1 Ke7 28.Be2 Bxd3 29.
Rxd3 Qf4+ 30.Bf3 h5 31.Nf2 Bxf2 32.Kxf2 Rxd3 33.Qxd3 Rd8 34.Qc4 c2 35.
Qxb4+ Qd6 0-1

[Event "44th Pan-American U20"]
[Site "Cochabamba BOL"]
[Date "2019.08.03"]
[Round "4.22"]
[White "Tapia Espada, Antonio Enrique"]
[Black "Teran Medina, Marcelo"]
[Result "1-0"]
[WhiteElo "1506"]
[BlackElo "1506"]
[EventDate "2019.08.01"]
[PlyCount "48"]

1.d4 Nf6 2.c4 c5 3.d5 b5 4.cxb5 a6 5.e3 g6 6.Nc3 Bg7 7.Nf3 d6 8.Bd2 O-O 9.
Qc2 axb5 10.Bxb5 Ba6 11.Bxa6 Nxa6 12.e4 Qb6 13.O-O Rfb8 14.Na4 Qb5 15.b3 
Nb4 16.Bxb4 Qxb4 17.Nd2 Nd7 18.Rab1 Ra6 19.Nc4 Rba8 20.f4 Rxa4 21.bxa4 
Qxa4 22.Rfc1 Bd4+ 23.Kh1 Qxc2 24.Rxc2 Nf6 1-0

[Event "44th Pan-American U20"]
[Site "Cochabamba BOL"]
[Date "2019.08.03"]
[Round "4.23"]
[White "Moreno, Alejandro"]
[Black "Araujo Miranda, Styven Sandro"]
[Result "0-1"]
[WhiteElo "1477"]
[BlackElo "1347"]
[EventDate "2019.08.01"]
[PlyCount "61"]

1.e4 c5 2.Nf3 d6 3.Bc4 Nf6 4.d3 e6 5.O-O Be7 6.Be3 a6 7.a4 Nbd7 8.Nc3 O-O 
9.h3 b6 10.Nd2 Bb7 11.f4 Qc7 12.Bb3 d5 13.exd5 exd5 14.d4 c4 15.Ba2 Rfe8 
16.f5 Bb4 17.Bf4 Bd6 18.Qf3 Bxf4 19.Qxf4 Qxf4 20.Rxf4 Bc6 21.b3 b5 22.a5 
b4 23.Nd1 Re2 24.Rf2 Rxf2 25.Kxf2 c3 26.Nf3 Re8 27.Ne3 Bb5 28.Ne5 Ne4+ 29.
Kf3 Rxe5 30.Rd1 Nd2+ 31.Kf4 0-1